| 000 | 01322nam0a22002771 4500 | ||
|---|---|---|---|
| 001 | rc\3389868 | ||
| 005 | 20250609190349.0 | ||
| 021 |
_aRU _bРг9659-69 |
||
| 035 | _a(NLR Aleph) 007457232 | ||
| 090 |
_a7278891 _c7278891 |
||
| 100 | _a20130115d1969 |||y0rusy50 ca | ||
| 101 | 0 | _arus | |
| 102 | _aRU | ||
| 105 | _ay z ||||| | ||
| 200 | 1 |
_aМетодология расчета потребления населением продуктов растениеводства _e[Доклад] _fЦентр. стат. упр. при Совете Министров СССР. Междунар. семинар стипендиатов ФАО на тему "Методы расчетов потребления пищевых продуктов в домашнем хоз-ве". Июль-авг. 1969 г. |
|
| 210 |
_aМосква _cБ. и. _d[1969] |
||
| 215 |
_a14 с. _d20 |
||
| 309 | _aОтпеч. множит. аппаратом | ||
| 700 | 1 |
_aАндреева _bВ. |
|
| 712 | 1 | 2 | _aМеждународный семинар на тему "Методы расчетов потребления пищевых продуктов в домашнем хоз-ве" (1969; Москва) |
| 801 | 0 |
_aRU _bNLR _gpsbo |
|
| 801 | 1 |
_aRU _bELAR _2rusmarc |
|
| 852 |
_aNLR _j69-4/25716 |
||
| 942 | _cBOOK | ||
| 980 | _aNB | ||